Úspešné obchodné modely v európskom obchode

Internacionalizácia obchodných firiem. Voľba medzinárodnej marketingovej stratégie. Globálne obchodné podniky. Multinacionálne obchodné podniky. Produktovo orientované obchodné podniky. Zákaznícky orientované obchodné podniky. Cenovo orientované obchodné podniky. Prvky medzinárodného obchodného mode...

Ausführliche Beschreibung

Gespeichert in:
Bibliographische Detailangaben
1. Verfasser: Matušovičová, Monika, 1967-
Format: Buchkapitel
Sprache:Slowakisch
Schlagworte:
Tags: Tag hinzufügen
Keine Tags, Fügen Sie das erste Tag hinzu!

MARC

LEADER 00000naa$a2200000$$$4500
001 0048279
005 20240502071544.6
041 0 |a slo 
044 |a SK 
245 1 0 |a Úspešné obchodné modely v európskom obchode  |c Monika Matušovičová 
520 |a Internacionalizácia obchodných firiem. Voľba medzinárodnej marketingovej stratégie. Globálne obchodné podniky. Multinacionálne obchodné podniky. Produktovo orientované obchodné podniky. Zákaznícky orientované obchodné podniky. Cenovo orientované obchodné podniky. Prvky medzinárodného obchodného modelu. 
610 2 0 |a obchod 
610 2 0 |a podnik obchodný 
610 2 0 |a internacionalizácia 
610 2 0 |a modely 
610 2 0 |a globalizácia 
610 2 0 |a podnik multinacionálny 
610 2 0 |a obchod medzinárodný 
100 1 |a Matušovičová, Monika, 1967-